Managing risk in construction projects / (Record no. 219792)

000 -LEADER
fixed length control field 01084cam a22003254a 4500
003 - CONTROL NUMBER IDENTIFIER
control field Nust
005 - DATE AND TIME OF LATEST TRANSACTION
control field 20170216102417.0
008 - FIXED-LENGTH DATA ELEMENTS--GENERAL INFORMATION
fixed length control field 170216b xxu||||| |||| 00| 0 eng d
020 ## - INTERNATIONAL STANDARD BOOK NUMBER
International Standard Book Number 1405130121 (alk. paper)
020 ## - INTERNATIONAL STANDARD BOOK NUMBER
International Standard Book Number 9781405130127
040 ## - CATALOGING SOURCE
Transcribing agency Nust-MCE
082 00 - DEWEY DECIMAL CLASSIFICATION NUMBER
Classification number 690.068
Author Mark SMI
-- N-2,P-72
100 1# - MAIN ENTRY--PERSONAL NAME
Personal name Smith, Nigel J.
245 10 - TITLE STATEMENT
Title Managing risk in construction projects /
Statement of responsibility, etc. Nigel J. Smith, Tony Merna, Paul Jobling.
250 ## - EDITION STATEMENT
Edition statement 2nd ed.
260 ## - PUBLICATION, DISTRIBUTION, ETC.
Place of publication, distribution, etc. Oxford ;
-- Malden, MA :
Name of publisher, distributor, etc. Blackwell Pub.,
Date of publication, distribution, etc. 2006.
300 ## - PHYSICAL DESCRIPTION
Extent xii, 244 p. :
Other physical details ill. ;
Dimensions 25 cm.
500 ## - GENERAL NOTE
General note Includes index.
650 #0 - SUBJECT ADDED ENTRY--TOPICAL TERM
Topical term or geographic name entry element Building
General subdivision Superintendence.
650 #0 - SUBJECT ADDED ENTRY--TOPICAL TERM
Topical term or geographic name entry element NUST
650 #0 - SUBJECT ADDED ENTRY--TOPICAL TERM
Topical term or geographic name entry element Building
General subdivision Safety measures.
650 #0 - SUBJECT ADDED ENTRY--TOPICAL TERM
Topical term or geographic name entry element Construction industry
General subdivision Management.
650 #0 - SUBJECT ADDED ENTRY--TOPICAL TERM
Topical term or geographic name entry element Risk assessment.
700 1# - ADDED ENTRY--PERSONAL NAME
Personal name Merna, Tony.
700 1# - ADDED ENTRY--PERSONAL NAME
Personal name Jobling, Paul,
856 41 - ELECTRONIC LOCATION AND ACCESS
Uniform Resource Identifier <a href="http://www.loc.gov/catdir/toc/ecip0511/2005010452.html">http://www.loc.gov/catdir/toc/ecip0511/2005010452.html</a>
856 42 - ELECTRONIC LOCATION AND ACCESS
Uniform Resource Identifier <a href="http://www.loc.gov/catdir/enhancements/fy0802/2005010452-b.html">http://www.loc.gov/catdir/enhancements/fy0802/2005010452-b.html</a>
856 42 - ELECTRONIC LOCATION AND ACCESS
Uniform Resource Identifier <a href="http://www.loc.gov/catdir/enhancements/fy0802/2005010452-d.html">http://www.loc.gov/catdir/enhancements/fy0802/2005010452-d.html</a>
942 ## - ADDED ENTRY ELEMENTS (KOHA)
Koha item type Book
Holdings
Withdrawn status Lost status Source of classification or shelving scheme Damaged status Not for loan Permanent Location Current Location Date acquired Total Checkouts Total Renewals Full call number Barcode Date last seen Date last checked out Price effective from Koha item type
          School of Civil and Environmental Engineering (SCEE) School of Civil and Environmental Engineering (SCEE) 02/23/2017 1 1 690.068 SMI NIT-8032 01/09/2025 10/03/2024 02/23/2017 Book
          School of Civil and Environmental Engineering (SCEE) School of Civil and Environmental Engineering (SCEE) 10/29/2019     690.068 SMI NIT-11742 10/29/2019   10/29/2019 Book
© 2023 Central Library, National University of Sciences and Technology. All Rights Reserved.